banner koha

Crown Area as a Parameter for Biomass Estimation of Croton sonderianus Müll. Arg. (Registro n. 341318)

MARC details
000 -LÍDER
fixed length control field 03293nab a2200241 i 4500
003 - CÓDIGO MARC DA AGÊNCIA CATALOGADORA
Campo de controle BR-BrBNA
005 - DATA E HORA DA ÚLTIMA ATUALIZAÇÃO
Campo de controle 20260410095127.0
008 - CAMPO DE TAMANHO FIXO
fixed length control field 260410b2019 bl.qr|pooa||| 00| 0 eng |
040 ## - FONTE DA CATALOGAÇÃO
Agência catalogadora BR-BrBNA
Idioma da catalogação eng
072 ## - CATEGORIA AGRIS
Código AGRIS K10
100 ## - ENTRADA PRINCIPAL - NOME PESSOAL
Nome pessoal Dombroski, Jeferson Luiz Dallabona
100 ## - ENTRADA PRINCIPAL - NOME PESSOAL
Nome pessoal Pinto, José Rivanildo de Souza
245 ## - TÍTULO PRINCIPAL
Título principal Crown Area as a Parameter for Biomass Estimation of Croton sonderianus Müll. Arg.
500 ## - NOTA GERAL
Nota geral Publicação on-line; 23 ref.; 1 table; 1 illus.; Summary (En)
942 ## - ADDED ENTRY ELEMENTS (KOHA)
Koha item type Analítica
520 ## - NOTA DE RESUMO
Nota de conteúdo <br/><br/>ABSTRACT<br/><br/>Current tree biomass estimation techniques generally use remote sensing data and allometric<br/>models for validation, which relate non-destructive parameters to plant biomass, usually employing<br/>diameter at the plant base or breast height and plant height. In the Caatinga Biome, many plants<br/>present multiple stems, thus making it difficult to measure the plant diameter, and lost branches,<br/>which are difficult to correct for. Hence, there is a need for suitable models for Caatinga plants,<br/>as well as studies on the possibility of using other parameters. For this study, plant and branch<br/>basal diameter, plant height, and crown area of Croton sonderianus plants were measured, and<br/>plants were also collected and weighed. Several classic models and their variations were tested.<br/>The best models were variations of Naslund (R2 = 0.92; rmse = 1,221) and Schumacher & Hall(R2<br/> = 0.92; rmse = 1,217). Plant height and crown area enables a better biomass estimation than<br/>using plant or branch basal diameter.<br/><br/>Keywords: allometric models, Schumacher & Hall, Naslund.<br/><br/><br/><br/><br/><br/><br/>Área da Copa como Parâmetro para Estimar Biomassa de Croton sonderianus Müll. Arg<br/><br/>RESUMO<br/><br/>As técnicas modernas para estimar biomassa arbórea geralmente usam dados de sensoriamento<br/>remoto e modelos alométricos para validação, que relacionam parâmetros não destrutivos com<br/>a biomassa da planta, normalmente empregando diâmetro basal ou diâmetro à altura do peito e<br/>altura da planta. No bioma Caatinga, muitas plantas apresentam múltiplas ramificações, o que<br/>dificulta a medição do seu diâmetro, e ramos perdidos, de difícil correção. Assim, são necessários<br/>modelos adequados para plantas da Caatinga, além de estudos sobre a possibilidade de uso de<br/>outros parâmetros. Para este estudo, foram mensurados diâmetro basal de plantas e ramos,<br/>altura das plantas e área da copa de indivíduos de Croton sonderianus, e plantas foram coletadas<br/>e pesadas. Vários modelos clássicos e variações foram testados. Os melhores modelos foram<br/>variações de Naslund (R2 = 0,92; rmse = 1.221) e Schumacher & Hall (R2 = 0,92; rmse = 1.217).<br/>Altura das plantas e área da copa permitem estimar melhor a biomassa do que diâmetro basal<br/>de plantas ou ramos.<br/><br/>Palavras-chave: modelos alométricos, Schumacher & Hall, Naslund.
650 ## - ASSUNTO - THESAGRO
Cabeçalho tópico ou nome geográfico CRÓTON SONDERIANUS
650 ## - ASSUNTO - THESAGRO
Cabeçalho tópico ou nome geográfico BIOMASSA
650 ## - ASSUNTO - THESAGRO
Cabeçalho tópico ou nome geográfico ESTIMATIVA
773 0# - ENTRADA ANALÍTICA
Host Biblionumber 2929
Registro do item 347953
Imprenta Rio de Janeiro-RJ Instituto de Florestas - UFRRJ 1994
Outro identificador 2025-0452
Título Floresta e Ambiente (Brazil)
ISSN 1415-0980 / ISSN 2179-8087 0nline
Colação v. 26(4) p. 1-7; (2019)
Número de controle de registro BR2026000328
856 ## - ACESSO E ENDEREÇO ELETRÔNICO
Identificador uniforme de recurso - URI https://www.scielo.br/j/floram/a/yLbLM38snJxXvy97g7PKm7d/?format=pdf&lang=en

Nenhum exemplar disponível.

BINAGRI

Telefone: (61)3218-2567/2388/3357/2097 - binagri@agro.gov.br

Ministério da Agricultura e Pecuária , Esplanada dos Ministérios, Bloco D, Anexo B, Brasília/DF, CEP: 70.043-900